000
00302nam a22001337a 4500
008
181011b xxu||||| |||| 00| 0 eng d
020
_a
0070431868
041
_a
eng
080
_a
311
100
_a
55
101
_a
STA
245
_a
Multivariate Statistical Methods
_c
Morrison,D,F
942
_2
udc
_c
BK
999
_c
49343
_d
49343